Quizzes
Events
Quiz Creation
Community
Videos
Private Events
Remove Ads
Sign In
Join for FREE
Feedback
Dark Mode
Quiz Categories
Sports
Geography
Music
Movies
Television
Just For Fun
Miscellaneous
History
Literature
Language
Science
Gaming
Entertainment
Religion
Holiday
For Kids
Quiz Lab
Recent
Popular Today
Quiz Kudos Today
Editor Picks
Curator Picks
Quizzes by...
Day
Popularity
Type
Ratings
Length
Year
Community
Subscriptions
Recent Discussions
Orange Saloon
Badges
Playlists
Quests
Create
Leaderboards
Showdown
Live 5
Trivia Bingo
Activity
Puzzle Library
Sporcle Events
Private Events
Virtual Trivia
Globe League
Become a Host
Pub Owners
SporcleCon
Opinionation
Our Games
Videos
Blog
Mobile Apps
Partnerships
Remove Ads and Go Orange
Feedback
Movies
Disney
Marvel Cinematic Universe
Movie Resume
Movie Titles
Oscar
Actor
Actress
Director
Pixar
Role
Movie Quotes
Movie Characters
Box Office
Nominee
Best Picture
Star Wars
James Bond
Horror Movies
Movies
Disney
Marvel Cinematic Universe
Movie Resume
Movie Titles
Oscar
Actor
Actress
Director
Pixar
Role
Movie Quotes
Movie Characters
Box Office
Nominee
Best Picture
Star Wars
James Bond
Horror Movies
Random Quiz
Search Sporcle
×
Quiz Lab
Quiz Lab
Movies
Cast
Type in answers that appear in a list
Type in answers that appear in a list
Classic
Best Score? Go Orange.
Jean Rollin Horror Films Cast Stats
Can you name the Jean Rollin Horror Films Cast?
By
Carnelian10
15m
85 Questions
20 Plays
20 Plays
20 Plays
Comments
Comments
Give Quiz Kudos
Give Quiz Kudos
-
- Ratings
hide this ad
Replay
Link that replays current quiz
Next Quiz
Link to next quiz in quiz playlist
You Got
0%
They Got
Avg Score
24%
Avg Friend Score
Upgrade to see
Score Distribution
Jump to the score distribution portion of the page
Score
0/85
Timer
15:00
0
Plays Today
Hint
Answer
% Correct
The Nude Vampire (1969)
Olivier Rollin
60%
Zombie Lake (1981)
Jean Rollin
60%
The Mask of Medusa (2009)
Simone Rollin
60%
Fascination (1979)
Brigitte Lahaie
40%
The Night of the Hunted (1980)
Brigitte Lahaie
40%
Fiancee of Dracula (1999)
Brigitte Lahaie
40%
The Rape of the Vampire (1968)
Solange Pradie
35%
The Nude Vampire (1969)
Bernard Musson
30%
Requiem for a Vampire (1971)
Marie-Pierre Castel
30%
The Iron Rose (1973)
Natalie Perrey
30%
Lips of Blood (1975)
Natalie Perrey
30%
Lips of Blood (1975)
Catherine Castel
30%
Lips of Blood (1975)
Marie-Pierre Castel
30%
Lips of Blood (1975)
Willy Braque
30%
The Night of the Hunted (1980)
Natalie Perrey
30%
Two Orphan Vampires (1997)
Natalie Perrey
30%
Fiancee of Dracula (1999)
Natalie Perrey
30%
The Night of the Clocks (2007)
Ovidie
30%
The Night of the Clocks (2007)
Natalie Perrey
30%
The Nude Vampire (1969)
Marie-Pierre Castel
30%
The Nude Vampire (1969)
Catherine Castel
30%
The Demoniacs (1974)
Willy Braque
30%
Fiancee of Dracula (1999)
Bernard Musson
30%
The Rape of the Vampire (1968)
Bernard Letrou
25%
The Nude Vampire (1969)
Maurice Lemaitre
25%
The Nude Vampire (1969)
Paul Bisciglia
25%
Shiver of the Vampires (1970)
Sandra Julien
25%
Shiver of the Vampires (1970)
Jean-Marie Durand
25%
Requiem for a Vampire (1971)
Mireille Dargent
25%
Hint
Answer
% Correct
Requiem for a Vampire (1971)
Paul Bisciglia
25%
The Iron Rose (1973)
Francoise Pascal
25%
The Iron Rose (1973)
Mireille Dargent
25%
The Demoniacs (1974)
Joelle Coeur
25%
The Demoniacs (1974)
Lieva Lone
25%
The Demoniacs (1974)
Paul Bisciglia
25%
Lips of Blood (1975)
Jean-Loup Philippe
25%
Lips of Blood (1975)
Annie Belle
25%
The Grapes of Death (1978)
Marie-George Pascal
25%
The Grapes of Death (1978)
Paul Bisciglia
25%
Zombie Lake (1981)
Anouchka
25%
The Sidewalks of Bangkok (1984)
Yoko
25%
Fiancee of Dracula (1999)
Thomas Smith
25%
The Night of the Clocks (2007)
Maurice Lemaitre
25%
The Night of the Clocks (2007)
Jean-Loup Philippe
25%
The Demoniacs (1974)
Mireille Dargent
25%
Lips of Blood (1975)
Paul Bisciglia
25%
The Rape of the Vampire (1968)
Nicole Romain
20%
The Demoniacs (1974)
John Rico
20%
The Grapes of Death (1978)
Felix Marten
20%
The Grapes of Death (1978)
Serge Marquand
20%
Fascination (1979)
Franca Mai
20%
Fascination (1979)
Jean-Pierre Lemaire
20%
Zombie Lake (1981)
Howard Vernon
20%
The Living Dead Girl (1982)
Francoise Blanchard
20%
The Sidewalks of Bangkok (1984)
Francoise Blanchard
20%
Killing Car (1989)
Tiki Tsang
20%
Two Orphan Vampires (1997)
Bernard Charnace
20%
The Night of the Clocks (2007)
Francoise Blanchard
20%
Hint
Answer
% Correct
The Mask of Medusa (2009)
Sabine Lenoel
20%
The Mask of Medusa (2009)
Marlene Delcambre
20%
The Mask of Medusa (2009)
Bernard Charnace
20%
Requiem for a Vampire (1971)
Philippe Gaste
15%
The Iron Rose (1973)
Hugues Quester
15%
The Demoniacs (1974)
Patricia Hermenier
15%
The Night of the Hunted (1980)
Bernard Papineau
15%
Zombie Lake (1981)
Pierre-Marie Escourrou
15%
Zombie Lake (1981)
Antonio Mayans
15%
Zombie Lake (1981)
Marcia Sharif
15%
The Escapees (1981)
Laurence Dubas
15%
The Escapees (1981)
Christiane Coppe
15%
The Escapees (1981)
Marianne Valiot
15%
The Living Dead Girl (1982)
Marina Pierro
15%
The Living Dead Girl (1982)
Carina Barone
15%
The Sidewalks of Bangkok (1984)
Jean-Pierre Bouyxou
15%
The Sidewalks of Bangkok (1984)
Gerard Landry
15%
The Sidewalks of Bangkok (1984)
Brigitte Borghese
15%
Two Orphan Vampires (1997)
Alexandra Pic
15%
Two Orphan Vampires (1997)
Isabelle Teboul
15%
Two Orphan Vampires (1997)
Tina Aumont
15%
Fiancee of Dracula (1999)
Jacques Orth
15%
Fiancee of Dracula (1999)
Sandrine Thoquet
15%
Fiancee of Dracula (1999)
Magalie Madison
15%
The Mask of Medusa (2009)
Jean-Pierre Bouyxou
15%
The Living Dead Girl (1982)
Mike Marshall
15%
Fiancee of Dracula (1999)
Thomas Desfosse
15%
Quiz Playlist
Details
Report
Send in Message
Add To Playlist
Classic:
Type in answers that appear in a list
Last Updated: Feb 16, 2017
Quiz Scoreboard
CHALLENGE
Sign Up to Join the Scoreboard
Show All
Scores
Hide
Comments
May contain spoilers
Recently Published
Alphabetical 'K' Countries by Flag Minefield
by ylime102
Geography
3m
Pick 6: Fruits
by JohnFran
Miscellaneous
15s
Click the 1999 NBA Draft
by nibperrychub
Sports
2m
More to Explore
Quiz From the Vault
Featured Blog Post
15 Basketball Trivia Facts You Can Be March Mad About
hide this ad
You Might Also Like...
Tags
Cast Quiz
horror
jean
Today's Top Quizzes in Movies
Browse Movies
hide this ad
Today's Top Quizzes in Cast
Browse Cast
Top Contributed Quizzes in Movies
1
Pick 6: Harry Potter
2
Pick 6: Movie Franchises
3
Pick 6: Actors
4
Pick 6: Actresses
5
Pick 6: Disney Princesses
6
Match The President To The Fictional Crisis
7
Marvel Movies: Who Wants to be a Millionaire? HARD
8
10 Quentin Tarantino Movies in Order
9
Movies of the Seasons
10
MCU Criteria: Avengers
Explore More
Trending Topics
Disney
Kpop
Harry Potter
Marvel
NBA
Crossword
Anime
Song
Pokémon
NFL
Country
Puzzle
Soccer
The Office
WWE
hide this ad
More By:
Carnelian10
Quiz
Plays
Rating
Category
Featured
Created
Classic Carry On Films & TV Cast (1958-1969)
1,786
4.00
Movies
Apr 5, 2016
Classic Carry On Films & TV Cast (1970-1992)
1,368
5.00
Movies
Jun 4, 2016
Casts of the Official James Bond Films
1,123
5.00
Movies
Jun 20, 2016
Hammer Studios Horror Films
752
5.00
Movies
Feb 10, 2016
Alfred Hitchcock Films Cast
619
5.00
Movies
Jun 8, 2016
Go to Creator's Profile
Score Distribution
Quiz Creator Spotlight
Carnelian10
Follow
Send a Message
Quizzes Created
-
Created Quiz Play Count
-
More By This Creator
Popular Quizzes Today
1
Find the US States - No Outlines Minefield
2
Countries of Asia Without Outlines Minefield
3
Pick 6: Fruits
4
The Countries of the World
5
Alphabetical 'K' Countries by Flag Minefield
6
Click the 1999 NBA Draft
7
Match the Book to the Film X
8
Find the US States
More Movies Quizzes
8 Scenes, 1 Movie! XVI
Published
Trending Quizzes
Pick 6: Harry Potter
Pick 6: Mountains
Pick 6: NFL Teams
Pick 6: Movie Franchises
Pick 6: Golfers
Recently Updated
Women's Final Four Teams by Year
bhenderson79
Presidents Quartet II
eogle
Anything But Clue(do)
eogle
Anything But Oceanian Capitals
eogle
Anything But 7
eogle
Anything But Thing
eogle
Word Ladder: February 29
pecheneg
Song Title Questions
pecheneg
Women's NCAA Tournament #1 Seeds
pecheneg
Celebrity Mug Shots
pecheneg
Trending Topics
Kpop
NBA
Harry Potter
Disney
Crossword
Anime
Marvel
The Office
Pokémon
WWE
Soccer
NFL
Puzzle
Country
Song
Your Account Isn't Verified!
In order to create a playlist on Sporcle, you need to verify the email address you used during registration. Go to your
Sporcle Settings
to finish the process.
Report this User
Report this user for behavior that violates our
Community Guidelines
.
Details:
Send Report
Go to the Sporcle.com Mobile Site →
Comments